Niezapomniane Jedenastki #45: Milan 2021/22 - Statystyki

Ogólne statystyki
  • Ten quiz został rozwiązany 72 razy
  • Średni wynik to 8 z 11
Statystyki odpowiedzi
Pozycja Kraj Zawodnik % Poprawnych
N Francja Olivier Giroud
95%
LS Portugalia Rafael Leao
95%
BR Francja Mike Maignan
94%
LO Francja Theo Hernandez
90%
ŚO Anglia Fikayo Tomori
89%
ŚPD WKS Franck Kessie
79%
ŚPD Włochy Sandro Tonali
66%
PO Włochy Davide Calabria
61%
ŚO Francja Pierre Kalulu
56%
PS Belgia Alexis Saelemaekers
52%
SPO Maroko Brahim Diaz
52%
Nie znaleziono quizów pasujących do podanych kryteriów
Rozkład punktacji
Procent ludzi z każdym wynikiem
Percentyl według liczby udzielonych odpowiedzi
Twoja historia wyników
Nie rozwiązałeś tego quizu